| 000 | 00921nam a22001817a 4500 | ||
|---|---|---|---|
| 003 | OSt | ||
| 005 | 20260414070200.0 | ||
| 008 | 260414b |||||||| |||| 00| 0 eng d | ||
| 040 |
_aDWCL GS lib _cOC |
||
| 082 | _aFic. W684 2010 | ||
| 100 | _aPublishing Ripley's | ||
| 245 |
_aripley's rbi fact or fiction? bureau of investigation: _bsecrets of the deep _cRipley's Publishing |
||
| 260 |
_aUnited states _bRipley's Publishing _cc2010 |
||
| 300 |
_a125 _billustrations _c19cm |
||
| 520 | _aRipley's Bureau of Investigation (RBI) 4: Secrets of the Deep is a 2010 children's fiction book by Ripley Publishing for readers aged 8–12 that combines thrilling adventures with "fact or fiction" ocean lore. The plot follows young agents investigating an eerie underwater cavern filled with mysterious, spooky phenomena. For more details, visit | ||
| 700 | _aRipley's publishing | ||
| 942 |
_2ddc _cFIC. _eFic. W684 2010 _n0 |
||
| 999 |
_c9401 _d9401 |
||